000 00540nam a2200193Ia 4500
005 20250326141733.0
008 250326s9999 xx 000 0 und d
037 _aTextbook
040 _aFMSL
_beng
_cFMSL
041 _aeng
_2eng
084 _qFMSL
100 _aRobbins Stephen P
245 0 _aOrganisational Behavior concepts controversies and application
_cRobbins Stephen P
250 _a4th
260 _aNew Delhi
_bNew Delhi, Prentice-Hall of India
_c1989
300 _a621p
942 _cTB
999 _c1291725
_d1291725